00558nam a2200193 a 4500001001300000003000900013005001700022008004100039020001000080082002100090100001600111245007500127260003000202300000800232500003500240505005500275650001800330700001600348nice12345678IN_TiNIC20260116011627.0050524s1937 boma grp 000 0 eng  ac10000a324.2054082bJIN aJinnah, M A aAll India Muslim League Lucknow Session Oct, 1937 Presidential Address aBombaybSaxon Pressc1937 a16p aincludes index and biblioraphy2 aMeeting of the N C C Nagpur Dec,28,1939-Jan 2,1940 aMuslim League1 aJinnah, M A